LOCAL -SELF GOVERNMENT (Record no. 3233)
[ view plain ]
| 000 -LEADER | |
|---|---|
| fixed length control field | 00332cam a2200157ua 4500 |
| 008 - FIXED-LENGTH DATA ELEMENTS--GENERAL INFORMATION | |
| fixed length control field | 160506n II |||gr||||Z||||||eng |
| 040 ## - CATALOGING SOURCE | |
| Original cataloging agency | MAIN |
| 041 ## - LANGUAGE CODE | |
| -- | English |
| 082 ## - DEWEY DECIMAL CLASSIFICATION NUMBER | |
| Classification number | 320.8 DUA |
| 100 ## - MAIN ENTRY--PERSONAL NAME | |
| Personal name | DUA &. |
| 245 ## - TITLE STATEMENT | |
| Title | LOCAL -SELF GOVERNMENT |
| 700 ## - ADDED ENTRY--PERSONAL NAME | |
| Personal name | SACHDEVA. |
| 942 ## - ADDED ENTRY ELEMENTS (KOHA) | |
| Koha item type | Books |
| 653 ## - INDEX TERM--UNCONTROLLED | |
| Uncontrolled term | LOCAL GOVERNMENT |
| Withdrawn status | Lost status | Damaged status | Not for loan | Collection code | Home library | Current library | Shelving location | Date acquired | Full call number | Barcode | Date last seen | Copy number | Price effective from | Koha item type | Public note |
|---|---|---|---|---|---|---|---|---|---|---|---|---|---|---|---|
| TBPSC | Central Library and Information Centre Sibsagar Girls College | Central Library and Information Centre Sibsagar Girls College | POLITICAL SC BOOK RACK | 21.04.1972 | 320.8 DUA | 03224 | 27.02.2020 | 1 | 27.02.2020 | Books | V |